000 00283nam a22001337a 4500
008 171019b xxu||||| |||| 00| 0 eng d
020 _a9781144825865
041 _aeng
080 _a338
100 _a53
101 _aMEN
245 _aHOME ECONOMICS
_cPARLON.M
942 _2udc
_cBK
999 _c34918
_d34918